Logo BPK

Biblioteka

Politechniki Koszalińskiej

Nadanie Adolfowi Butenandtowi tytułu doktora honoris caausa Politechniki Gdańskiej : (Rekord nr 54124)

Szczegóły MARC
000 -ETYKIETA REKORDU
podpole kontrolne o stałej długości 00891nam a2200253 i 4500
001 - NUMER KONTROLNY REKORDU
pole kontrolne bg
020 ## - MIĘDZYNARODOWY ZNORMALIZOWANY NUMER KSIĄŻKI - ISBN
ISBN 8391908127
040 ## - ŹRÓDŁO KATALOGOWANIA
Instytucja, która utworzyła rekord BPK
041 0# - KOD JĘZYKA
Kod języka tekstu polger
044 ## - KOD KRAJU WYDAWCY/PRODUCENTA
Kod kraju wydawcy/producenta POL
080 ## - UNIWERSALNA KLASYFIKACJA DZIESIĘTNA - UKD
UKD 378.6:378.25](438):54:929A/Z"19"
920 ## - Międzynarodowy znormalizowany numer książki – ISBN
ISBN 83-919081-2-7
008 - POLE O STAŁEJ DŁUGOŚCI - DANE KONTROLNE
podpole kontrolne o stałej długości s pl f |000 0 pol
245 10 - TYTUŁ/ODPOWIEDZIALNOŚĆ
Tytuł Nadanie Adolfowi Butenandtowi tytułu doktora honoris caausa Politechniki Gdańskiej :
Ciąg dalszy tytułu Gdańsk, dnia 6 października 1994 roku.
246 15 - WARIANT TYTUŁU
Tytuł Doctor honoris causa Adolf Butenandt
260 ## - STREFA ADRESU WYDAWNICZEGO
Miejsce wydania Gdańsk :
Nazwa wydawcy/dystrybutora Wydawnictwo Politechniki Gdańskiej ;
Data publikacji, dystrybucji/powstania dokumentu [1995].
300 ## - STREFA OPISU FIZYCZNEGO
Objętość 59 s. :
Inne cechy fizyczne faks., [1] fot., [1] portr. ;
Rozmiary 24 cm.
500 ## - UWAGI OGÓLNE
Tekst uwagi Tekst. częśc. niem.
600 #9 - HASŁO PRZEDMIOTOWE W FORMIE NAZWY OSOBOWEJ
Nazwa osobowa Butenandt, Adolf
Daty związane z nazwą (1903-1995)
Określnik ogólny biografia
610 29 - HASŁO PRZEDMIOTOWE W FORMIE NAZWY CIAŁA ZBIOROWEGO
Nazwa ciała zbiorowego lub nazwa geograficzna Politechnika Gdańska
Nazwa jednostki podrzędnej doktorzy honoris causa
650 #9 - HASŁO PRZEDMIOTOWE W FORMIE NAZWY OGÓLNEJ LUB JEDNOSTKOWEJ
Nazwa ogólna lub geograficzna Doktorzy honoris causa
Określnik geograficzny Polska
650 #9 - HASŁO PRZEDMIOTOWE W FORMIE NAZWY OGÓLNEJ LUB JEDNOSTKOWEJ
Nazwa ogólna lub geograficzna Chemia
Określnik ogólny biografie
Określnik chronologiczny 20 w.
856 ## - LOKALIZACJA I DOSTĘP DO ELEKTRONICZNYCH DOKUMENTÓW ZDALNYCH
Link (URL) http://koha.tu.koszalin.pl/cgi-bin/koha/opac-detail.pl?biblionumber=54124
Tekst linku Katalog online BPK
942 ## - DODATKOWE ELEMENTY (KOHA)
Typ dokumentu Książka
Egzemplarze
Wycofany Status egzemplarza Uszkodzony Dostępność Lokalizacja stała Lokalizacja bieżąca Miejsce przechowywania Sygnatura Kod kreskowy Typ dokumentu
      Dostępny Biblioteka Politechniki Koszalińskiej Biblioteka Politechniki Koszalińskiej Wypożyczalnia BG 85010 02389066 Książka
© 2023 Biblioteka Politechniki Koszalińskiej :: KOHA